18きっぷで乗れる私鉄の車両形式 - Statistics

General Stats
  • This quiz has been taken 192 times
    108 since last reset
  • The average score is 32 of 44
Answer Stats
Hint Answer 乗車できる区間 % Correct
しなの鉄道 SR1系 長野~篠ノ井
97%
道南いさりび鉄道 キハ40形 函館~五稜郭
95%
小田急 4000系 北千住~取手
93%
福岡市交 4000系 姪浜~筑前前原
93%
南阿蘇鉄道 MT-4000形 肥後大津~立野
93%
のと鉄道 NT200形 七尾~和倉温泉
93%
会津鉄道 AT-700形 会津若松~西若松
92%
いわて銀河鉄道 IGR7000系 北上~盛岡
91%
東京メトロ 05系 津田沼~西船橋、中野~三鷹
88%
会津鉄道 AT-500形 会津若松~西若松
88%
北越急行 HK100形 越後湯沢~六日町、犀潟~直江津
88%
肥薩おれんじ鉄道 HSOR-100形 新八代~八代、川内~隈之城
88%
相鉄 12000系 羽沢横浜国大~池袋
85%
福岡市交 2000N系 姪浜~筑前前原
85%
会津鉄道 AT-600形 会津若松~西若松
85%
福岡市交 1000N系 姪浜~筑前前原
84%
東京メトロ 16000系 北千住~取手
84%
肥薩おれんじ鉄道 HSOR-150形 新八代~八代、川内~隈之城
84%
伊豆急行 3000系 熱海~伊東
82%
あいの風とやま鉄道 521系 津幡~富山
82%
IRいしかわ鉄道 521系 津幡~富山
82%
ハピラインふくい 521系 敦賀~越前花堂
82%
伊豆急行 8000系 熱海~伊東
82%
錦川鉄道 NT3000形 岩国~川西
82%
若桜鉄道 WT3000形 鳥取~若桜
82%
東京メトロ 15000系 津田沼~西船橋、中野~三鷹
81%
東京臨海高速鉄道 70-000形 大崎~川越
81%
東京メトロ 07系 津田沼~西船橋、中野~三鷹
80%
青い森鉄道 青い森701系 青森~八戸
80%
しなの鉄道 115系 長野~篠ノ井
74%
仙台空港鉄道 SAT721系 仙台~名取
70%
阿武隈急行 AB900系 仙台~槻木
62%
会津鉄道 AT-550形 会津若松~西若松
58%
会津鉄道 AT-650形 会津若松~西若松
58%
会津鉄道 AT-750形 会津若松~西若松
58%
青い森鉄道 青い森703系 青森~八戸
57%
えちごトキめき鉄道 ET127系 長岡~直江津
57%
伊豆急行 2100系 熱海~伊東
55%
智頭急行 HOT3500形 鳥取~智頭
35%
阿武隈急行 8100系 仙台~槻木
31%
土佐くろしお鉄道 9640形 高知~後免
24%
若桜鉄道 WT3300形 鳥取~若桜
20%
伊勢鉄道 イセⅢ型 四日市~河原田
19%
井原鉄道 IRT355形 福山~神辺
14%
No matching quizzes found
Score Distribution
Percent of People with Each Score
Percentile by Number Answered
Your Score History
You have not taken this quiz since the last reset